000 00284nam a22001337a 4500
008 181102b xxu||||| |||| 00| 0 eng d
020 _a9780763712693
041 _aeng
080 _a004
100 _a28
101 _aSHKI
245 _aCyber Ethics
_cSpinello, R
942 _2udc
_cBK
999 _c51725
_d51725